Acting Oscar Quartets: 2000s Edition - Statistics

General Stats
  • This quiz has been taken 14 times
  • The average score is 28 of 38
Answer Stats
Hint Answer % Correct
The Pianist Adrien Brody
100%
Training Day Denzel Washington
100%
The Dark Knight Heath Ledger
100%
Ray Jamie Foxx
100%
Gladiator Russell Crowe
100%
There Will Be Blood Daniel Day-Lewis
92%
Boys Don't Cry Hilary Swank
92%
Capote Philip Seymour Hoffman
92%
Mystic River Sean Penn
92%
Chicago Catherine Zeta-Jones
83%
Monster Charlize Theron
83%
The Last King of Scotland Forest Whitaker
83%
Monster's Ball Halle Berry
83%
No Country for Old Men Javier Bardem
83%
Erin Brockovich Julia Roberts
83%
The Reader Kate Winslet
83%
American Beauty Kevin Spacey
83%
Million Dollar Baby Morgan Freeman
83%
Walk the Line Reese Witherspoon
83%
Girl, Interupted Angelina Jolie
75%
The Aviator Cate Blanchett
75%
Syriana George Clooney
75%
The Hours Nicole Kidman
75%
Vicky Cristina Barcelona Penélope Cruz
75%
Cold Mountain Renée Zellweger
75%
Mystic River Tim Robbins
75%
The Queen Helen Mirren
67%
Traffic Benicio del Toro
58%
A Beautiful Mind Jennifer Connelly
58%
The Cider House Rules Michael Caine
58%
Little Miss Sunshine Alan Arkin
50%
Dreamgirls Jennifer Hudson
50%
La Vie en Rose Marion Cotillard
50%
Adaptation Chris Cooper
42%
Iris Jim Broadbent
42%
Michael Clayton Tilda Swinton
42%
Pollock Marcia Gay Harden
33%
The Constant Gardener Rachel Weisz
33%
No matching quizzes found
Score Distribution
Percent of People with Each Score
Percentile by Number Answered
Your Score History
You have not taken this quiz